Sociology : (Record no. 10645)
[ view plain ]
| 000 -LEADER | |
|---|---|
| fixed length control field | 00673cam a22002172 4500 |
| 001 - CONTROL NUMBER | |
| control field | 0000003113 |
| 005 - DATE AND TIME OF LATEST TRANSACTION | |
| control field | 20151217154337.0 |
| 008 - FIXED-LENGTH DATA ELEMENTS--GENERAL INFORMATION | |
| fixed length control field | 070427s xx 000 0 eng d |
| 020 ## - INTERNATIONAL STANDARD BOOK NUMBER | |
| International Standard Book Number | 0333347404 : |
| Terms of availability | KES 990 |
| 040 ## - CATALOGING SOURCE | |
| Original cataloging agency | KABU |
| Transcribing agency | KABU |
| 050 #0 - LIBRARY OF CONGRESS CALL NUMBER | |
| Classification number | HM51 |
| Item number | .O348 1985 |
| 100 1# - MAIN ENTRY--PERSONAL NAME | |
| Personal name | Odetola, T. Olatunde. |
| -- | 0000152756 |
| 245 10 - TITLE STATEMENT | |
| Title | Sociology : |
| Remainder of title | an introductory African text / |
| Statement of responsibility, etc. | T. Olatunde Odetola, Ade Ademola. |
| 260 ## - PUBLICATION, DISTRIBUTION, ETC. (IMPRINT) | |
| Place of publication, distribution, etc. | London ; |
| -- | Basingstoke : |
| Name of publisher, distributor, etc. | Macmillan, |
| Date of publication, distribution, etc. | 1985. |
| 300 ## - PHYSICAL DESCRIPTION | |
| Extent | x, 246 p. |
| 650 #0 - SUBJECT ADDED ENTRY--TOPICAL TERM | |
| Topical term or geographic name as entry element | Sociology. |
| -- | 0000099021 |
| 700 1# - ADDED ENTRY--PERSONAL NAME | |
| Personal name | Ademola, Ade. |
| -- | 0000152757 |
| 908 ## - PUT COMMAND PARAMETER (RLIN) | |
| Put command parameter | 070427 |
| 950 ## - LOCAL HOLDINGS (RLIN) | |
| -- | 1 |
| Withdrawn status | Lost status | Source of classification or shelving scheme | Not for loan | Home library | Current library | Date acquired | Total Checkouts | Full call number | Barcode | Date last seen | Date last checked out | Price effective from | Koha item type |
|---|---|---|---|---|---|---|---|---|---|---|---|---|---|
| Library of Congress Classification | Kabarak, Main Campus | Kabarak, Main Campus | 17/12/2015 | 11 | HM51 .O348 1985 | 007682 | 09/02/2021 | 26/11/2020 | 17/12/2015 | General Collection |